Statistics for Triple Top Ten - Europe

Click here to take the quiz!

General Stats

  • This quiz has been taken 31 times
  • The average score is 29 of 30

Answer Stats

Population% Correct
Belguim
100%
Finland
100%
France
100%
France
100%
Germany
100%
Germany
100%
Germany
100%
Ireland
100%
Italy
100%
Italy
100%
Norway
100%
Norway
100%
Poland
100%
Poland
100%
Spain
100%
Spain
100%
UK
100%
UK
100%
Netherlands
96%
Netherlands
96%
Sweden
96%
Ukraine
96%
Ukraine
96%
Austria
93%
Iceland
93%
Romania
93%
Denmark
89%
Luxembourg
85%
Switzerland
85%
San Marino
67%

Score Distribution

Percentile by Number Answered

Percent of People with Each Score

Your Score History

You have not taken this quiz